| 000 | 00984cam a2200349 a 4500 | ||
|---|---|---|---|
| 001 | 3830 | ||
| 003 | DO-SdBNP | ||
| 005 | 20171211113513.0 | ||
| 007 | 3880 | ||
| 008 | 840914s1980 sp b f000 0 spa | ||
| 010 | _a | ||
| 020 | _a8402070019 | ||
| 040 |
_aBPMSU _c spa _dBPMSU |
||
| 050 | 0 | 0 |
_a _b |
| 082 | 0 | 4 |
_aM863.44 _bF954m _2 |
| 100 | 1 |
_a Fuentes, Carlos, _d 1928-2012 |
|
| 245 | 1 | 3 |
_aLa muerte de Artemio Cruz / _cFuentes. Carlos _b |
| 250 | _a | ||
| 260 |
_aBarcelona : _bClub Bruguera, _c1980 |
||
| 300 |
_a310 p. ; _c20 cm. |
||
| 490 | 1 |
_aLiteratura universal Bruguera _v |
|
| 500 | _aIncluye datos biográficos del autor | ||
| 504 | _a | ||
| 650 | 4 | _aNOVELA MEXICANA | |
| 650 | 4 | _aLITERATURA MEXICANA | |
| 650 | 4 |
_aMUERTE _vNOVELA |
|
| 830 | _a Literatura universal Bruguera | ||
| 910 | _aValidado. Control de calidad MFF | ||
| 942 |
_2ddc _cBK |
||
| 945 | _aInventariado extranjero / 2017 VM | ||
| 956 |
_aVMATEO _b10 _c20161025 _dBPMSU _f0069 |
||
| 999 |
_c11663 _d11663 |
||